| 000 | 01089cam a22002894a 4500 | ||
|---|---|---|---|
| 999 |
_c128172 _d128172 |
||
| 001 | 141812 | ||
| 003 | ARRUPE | ||
| 005 | 20180914120411.0 | ||
| 008 | 980928s1999 nyu b 001 0 eng | ||
| 010 | _a 98061511 | ||
| 020 | _a0500281157 (pbk.) | ||
| 040 |
_aDLC _cDLC _dDLC |
||
| 042 | _apcc | ||
| 050 | 0 | 0 |
_aHB72 _b.G674 1999 |
| 082 | 0 | 0 |
_a174 _221 |
| 100 | 1 |
_aGorringe, Timothy. _942211 |
|
| 245 | 1 | 0 |
_aFair shares : _bethics and the global economy / _cTimothy Gorringe. |
| 260 |
_aNew York : _bThames and Hudson, _c1999. |
||
| 300 |
_a111 p. ; _c22 cm. |
||
| 440 | 0 |
_aProspects for tomorrow _942212 |
|
| 504 | _aIncludes bibliographical references (p. 108-109) and index. | ||
| 650 | 0 |
_aEconomics _xMoral and ethical aspects. _942213 |
|
| 650 | 0 |
_aCompetition, International _xMoral and ethical aspects. _942214 |
|
| 906 |
_a7 _bcbc _corignew _d2 _eopcn _f19 _gy-gencatlg |
||
| 942 |
_2lcc _cMONOGRAPH |
||